000 00696nam a2200193Ii 4500
003 JO-AjNU
008 230605s9999||||xx |||||||||||||| ||und||
040 _aJO-AjNU
_bara
_erda
_cJO-AjNU
041 _aara
050 1 4 _aLB1027.5.K36 2008
100 3 _aكامل،محمد علي,
_eauthor
_928600
245 0 0 _aالأخصائي النفسي المدرسي و فرط النشاط وإضراب الإنتباه
264 3 1 _aالإسكندرية:مركز الإسكندرية للكتاب،2008
300 _a161ص
336 _atext
_btxt
_2rdacontent
337 _aunmediated
_bn
_2rdamedia
338 _avolume
_bnc
_2rdacarrier
650 4 _aإرشاد نفسي-إرشاد تربوي.
_928601
999 _aA11113
_c14681
_d14681